[Event "Ch Germany (juniors) (under 18) (g)"]
[Site "masterchessopen.com Oberhof (Germany)"]
[Date "2010.05.25"]
[Round "5"]
[White "Sonnhalter Stella (GER)"]
[Black "Kohm Vanessa (GER)"]
[Result "1-0"]
[WhiteElo "1732"]
[BlackElo "1783"]

1.e4 c5 2.Nf3 Nc6 3.d4 cxd4 4.Nxd4 g6 5.c4 Bg7 6.Nc2 d6 7.Nc3 Nf6 8.Be2 Bd7
9.Be3 O-O 10.O-O Qc7 11.f3 a6 12.Na4 Be6 13.Nb6 Rab8 14.Rc1 Nd7 15.Nd5 Qd8
16.b4 b5 17.cxb5 axb5 18.Qd2 Nce5 19.Na3 Bxd5 20.Qxd5 Nb6 21.Qd2 Nec4 22.Nxc4
Nxc4 23.Bxc4 bxc4 24.Rxc4 Qd7 25.Rb1 Qa4 26.Qc2 Qb5 27.a4 Qa6 28.b5 {#r} 1-0

[Event "Ch Regionale Lombardia"]
[Site "masterchessopen.com Solaro (Italy)"]
[Date "2010.05.30"]
[Round "5"]
[White "Oteri Aldo (ITA)"]
[Black "Mazzoccoli Simone (ITA)"]
[Result "1-0"]
[WhiteElo "1829"]
[BlackElo "1646"]

1.e4 c5 2.Nf3 Nc6 3.d4 cxd4 4.Nxd4 g6 5.c4 Bg7 6.Nc2 d6 7.Be2 Nf6 8.Nc3 Nd7
9.f4 Nc5 10.Bf3 O-O 11.O-O Bd7 12.Be3 b6 13.Qe2 Rc8 14.Rfd1 Qc7 15.Nd5 Qb8
16.e5 dxe5 17.Bxc5 bxc5 18.Nxe7+ Nxe7 19.Rxd7 Rc7 20.Rad1 Re8 21.fxe5 Rxd7
22.Rxd7 Qxb2 23.e6 Qxa2 24.exf7+ Kxf7 25.Bd5+ Kf8 26.Qf2+ Nf5 27.Rf7+ Kg8
28.Rxa7+ {#r} 1-0

[Event "It (open)"]
[Site "masterchessopen.com Belo Horizonte (Brazil)"]
[Date "2010.06.04"]
[Round "3"]
[White "Ribeiro Sheridan Luiz Telles (BRA)"]
[Black "Matsuura Everaldo (BRA)"]
[Result "0-1"]
[WhiteElo "2033"]
[BlackElo "2484"]

1.e4 c5 2.Nf3 Nc6 3.d4 cxd4 4.Nxd4 g6 5.c4 Bg7 6.Nc2 Nf6 7.Nc3 O-O 8.Be2 d6
9.O-O Nd7 10.Bd2 a5 11.Na3 Nc5 12.Nab5 Kh8 13.Be3 f5 14.exf5 Bxf5 15.Qd2 Ne5
16.Bxc5 dxc5 17.Rad1 Nc6 18.Bf3 Rb8 19.Qd5 Qxd5 20.Nxd5 Bxb2 21.Rfe1 Rbd8
22.Ne3 Bc8 23.Rb1 Bg7 24.Bxc6 bxc6 25.Na7 Bd7 26.Rb7 Bd4 27.Rc7 Be5 28.Rb7 Bd4
29.Rc7 Rf6 30.Nd1 e5 31.h3 Kg8 32.Re2 Kf8 33.Nb2 Ke7 34.Na4 Rb8 {#R} 0-1

[Event "It (open)"]
[Site "masterchessopen.com Oslo (Norway)"]
[Date "2010.06.18"]
[Round "4"]
[White "Mikkelsen Nikolaj (DEN)"]
[Black "Hansen Pal Andreas (NOR)"]
[Result "1-0"]
[WhiteElo "2432"]
[BlackElo "2046"]

1.e4 c5 2.Nf3 Nc6 3.d4 cxd4 4.Nxd4 g6 5.c4 Bg7 6.Nc2 Nf6 7.Nc3 O-O 8.Be2 d6
9.O-O Bd7 10.Be3 Rc8 11.f3 Na5 12.Na3 Be6 13.b3 Ng4 14.fxg4 Bxc3 15.Rb1 Nc6
16.Nb5 Bg7 17.a4 a6 18.Nd4 Nxd4 19.Bxd4 Bxd4+ 20.Qxd4 Qa5 21.Kh1 Qb4 22.e5 Qc5
23.Qxc5 dxc5 24.Bf3 b6 25.Bb7 Rc7 26.Bxa6 Bxg4 27.b4 cxb4 28.Rxb4 Rc6 29.Bb7
Re6 30.Re1 {#r} 1-0

[Event "Ch Hungary (juniors) (under 10)"]
[Site "masterchessopen.com Budapest (Hungary)"]
[Date "2010.07.02"]
[Round "7"]
[White "Kelemen David (HUN)"]
[Black "Devald Tamas (HUN)"]
[Result "1-0"]
[WhiteElo "1544"]
[BlackElo "1414"]

1.e4 c5 2.Nf3 Nc6 3.d4 cxd4 4.Nxd4 g6 5.c4 Bg7 6.Nc2 Nf6 7.Nc3 O-O 8.Be2 d6
9.O-O Be6 10.b3 Nxe4 11.Nxe4 Bxa1 12.Nxa1 Bf5 13.Bf3 Ne5 14.Ng3 Nxf3+ 15.Qxf3
Be6 16.Bh6 Re8 17.Re1 Qd7 18.Ne4 f5 19.Qc3 Kf7 20.Qg7# 1-0

[Event "Ch Sweden (master's group)"]
[Site "masterchessopen.com Lund (Sweden)"]
[Date "2010.07.09"]
[Round "7"]
[White "Walinder Lars (SWE)"]
[Black "Wihlborn Bengt (SWE)"]
[Result "1-0"]
[WhiteElo "2145"]
[BlackElo "1895"]

1.Nf3 c5 2.c4 Nc6 3.d4 cxd4 4.Nxd4 g6 5.e4 Bg7 6.Nc2 Nf6 7.Nc3 O-O 8.Be2 d6
9.O-O a6 10.Be3 Rb8 11.f3 Re8 12.Qd2 Be6 13.Rac1 Qa5 14.a3 Rec8 15.b4 Qd8
16.Nd5 Bxd5 17.cxd5 Ne5 18.Nd4 Rxc1 19.Rxc1 Rc8 20.Nb3 Qd7 21.Na5 h5 22.Rxc8+
Qxc8 23.Qc1 Qd7 24.Qc2 h4 25.h3 Qd8 26.Nxb7 Qb8 27.Na5 Nh5 28.Nc6 Qb7 29.Nxe5
Bxe5 30.Qc6 Qb8 31.Bxa6 Kg7 32.Qc8 Qxc8 33.Bxc8 Bb2 34.b5 Ng3 35.b6 {#r} 1-0

[Event "It (open)"]
[Site "masterchessopen.com Senta (Serbia)"]
[Date "2010.07.17"]
[Round "1"]
[White "Marjanovic Dejan (BIH)"]
[Black "Simonyi Zoltan (SRB)"]
[Result "1-0"]
[WhiteElo "2125"]
[BlackElo "2208"]

1.e4 c5 2.Nf3 Nc6 3.d4 cxd4 4.Nxd4 g6 5.c4 Bg7 6.Nc2 d6 7.Be2 Nh6 8.O-O f5
9.Nc3 O-O 10.Bxh6 Bxh6 11.exf5 gxf5 12.Nd4 Qb6 13.Ndb5 Bg7 14.Nd5 Qd8 15.Rb1
Bd7 16.Re1 Kh8 17.Bh5 a6 18.Nbc7 Rc8 19.Ne6 Bxe6 20.Rxe6 Qa5 21.a3 Qc5 22.Nxe7
Qxc4 23.Nxc8 Qxe6 24.Nxd6 b5 25.Nf7+ Rxf7 26.Bxf7 Qxf7 27.Qd6 Qe8 28.g3 Be5
29.Re1 Kg7 30.Qd5 Qg6 31.Qd7+ Kf8 32.f4 Bf6 33.Qd6+ Kf7 34.Kg2 Ne7 35.Qxa6
Bxb2 36.Qxb5 {#r} 1-0

[Event "It (open) (b)"]
[Site "masterchessopen.com Polanica Zdroj (Poland)"]
[Round "8"]
[White "Zebracki Tomasz (POL)"]
[Black "Mahor Maksymilian (POL)"]
[Result "1-0"]
[WhiteElo "1784"]
[BlackElo "1641"]

1.e4 c5 2.Nf3 Nc6 3.d4 cxd4 4.Nxd4 g6 5.c4 Bg7 6.Nc2 Nf6 7.Nc3 O-O 8.Be2 d6
9.O-O Be6 10.Bd2 Nd7 11.Rc1 a5 12.b3 Nc5 13.f3 Qb6 14.Nd5 Bxd5 15.cxd5 Ne5
16.Bg5 Rfc8 17.Kh1 Qd8 18.Nd4 Na6 19.Rxc8 Rxc8 20.Bxa6 bxa6 21.f4 Nd7 22.Nc6
Qc7 23.Nxe7+ Kf8 24.Nxc8 Qxc8 25.Qc1 Nc5 26.e5 Qd7 27.exd6 Qxd6 28.Re1 f6
29.Qe3 Kg8 30.Qe8+ Bf8 31.Bh6 Nd7 32.Qe6+ Qxe6 33.dxe6 {#r} 1-0

[Event "It (open) \"]
[Site "masterchessopen.com Copenhagen (Denmark)"]
[Date "2010.08.07"]
[Round "9"]
[White "Guttulsrud Odd Martin (NOR)"]
[Black "Danielsen Henrik (ISL)"]
[Result "0-1"]
[WhiteElo "2107"]
[BlackElo "2529"]

1.e4 c5 2.Nf3 Nc6 3.d4 cxd4 4.Nxd4 g6 5.c4 Bg7 6.Nc2 d6 7.Be2 Qb6 8.Nc3 Bxc3+
9.bxc3 Nf6 10.f3 Bd7 11.Ne3 Rc8 12.Nd5 Nxd5 13.cxd5 Ne5 14.Qb3 Qc5 15.Bh6 f6
16.h4 Kf7 17.Rc1 b5 18.Qb4 Qb6 19.Qb2 Nc4 20.Bxc4 Rxc4 21.Ke2 b4 22.Bd2 Bb5
23.Ke1 Rhc8 24.cxb4 Rxc1+ 25.Bxc1 Bd3 26.Bd2 Rc2 27.Qa1 Qa6 28.Qd4 Rxa2 29.Rh3
Bf1 30.Qe3 Bxg2 31.Rh1 Bxh1 32.Kf2 Ra3 {#R} 0-1

[Event "It (open)"]
[Site "masterchessopen.com Stare Mesto (Czech Republic)"]
[Date "2010.08.14"]
[Round "2"]
[White "Jurcik Martin (SVK)"]
[Black "Uricar Zdenek (CZE)"]
[Result "1-0"]
[WhiteElo "2372"]
[BlackElo "2020"]

1.e4 c5 2.Nf3 Nc6 3.d4 cxd4 4.Nxd4 g6 5.c4 Bg7 6.Nc2 d6 7.Be2 Nf6 8.Nc3 Be6
9.O-O O-O 10.Be3 a6 11.Rb1 Nd7 12.Nd5 Bxd5 13.exd5 Ncb8 14.Bd4 Nf6 15.Qd2 Nbd7
16.Rfe1 Re8 17.Bf1 Rc8 18.b4 Qc7 19.Ne3 Ne4 20.Qb2 Bxd4 21.Qxd4 Nef6 22.Rbc1
Qb6 23.Qd2 Ne4 24.Qb2 a5 25.a3 axb4 26.axb4 Ra8 27.Ra1 Ndf6 28.Rxa8 Rxa8
29.Ng4 Nxg4 30.Rxe4 Ne5 31.c5 Qd8 32.Re1 g5 33.h4 h6 34.hxg5 hxg5 35.Rxe5 f6
{#r} 1-0

[Event "It (open)"]
[Site "masterchessopen.com Stare Mesto (Czech Republic)"]
[Date "2010.08.16"]
[Round "5"]
[White "Vyparina Matej (SVK)"]
[Black "Gil Ludovic (FRA)"]
[Result "1-0"]
[WhiteElo "2198"]
[BlackElo "1946"]

1.e4 c5 2.Nf3 Nc6 3.d4 cxd4 4.Nxd4 g6 5.c4 Bg7 6.Nc2 Qb6 7.Nc3 Nf6 8.Be2 d6
9.O-O O-O 10.Rb1 Nb4 11.Be3 Qa5 12.Nxb4 Qxb4 13.f3 Bd7 14.Qd2 a6 15.Rfd1 Ba4
16.a3 Qb3 17.Rdc1 Bc6 18.Bd1 Qxc4 19.Nd5 Qb5 20.a4 {#r} 1-0

[Event "It (open)"]
[Site "masterchessopen.com Brasschaat (Belgium)"]
[Date "2010.08.17"]
[Round "4"]
[White "Van Den Brande Werner (BEL)"]
[Black "Dardha Bardhyl (BEL)"]
[Result "1-0"]
[WhiteElo "2251"]
[BlackElo "1870"]

1.e4 c5 2.Nf3 Nc6 3.d4 cxd4 4.Nxd4 g6 5.c4 Bg7 6.Nc2 d6 7.Be2 Bd7 8.O-O Nf6
9.Nc3 O-O 10.Be3 Ne5 11.f3 Be6 12.b3 Qa5 13.Qd2 Rfc8 14.Rac1 Nfd7 15.Nd4 Nf8
16.Kh1 Nc6 17.f4 Nxd4 18.Bxd4 Bxd4 19.Qxd4 f5 20.exf5 Qxf5 21.Bf3 Rc7 22.Rce1
Bf7 23.Qd2 a6 24.Be4 Qa5 25.f5 b5 26.Bxa8 {#r} 1-0

[Event "It (open)"]
[Site "masterchessopen.com Leyland (England)"]
[Date "2010.08.28"]
[Round "2"]
[White "Keogh Edward (ENG)"]
[Black "Doran Chris (ENG)"]
[Result "0-1"]
[WhiteElo "2075"]
[BlackElo "1960"]

1.e4 c5 2.Nf3 g6 3.d4 cxd4 4.Nxd4 Nc6 5.c4 Bg7 6.Nc2 Nf6 7.Nc3 d6 8.Be2 O-O
9.O-O Be6 10.Rb1 Rc8 11.b3 a6 12.Bb2 Qa5 13.b4 Qg5 14.f4 Qh4 15.g3 Qh3 16.Ne3
h5 17.f5 Bh6 18.Ng2 Ne5 19.Nf4 Bxf4 20.Rxf4 g5 21.Bf1 gxf4 22.Bxh3 Bxc4
23.gxf4 Nd3 24.Qf3 Kh7 25.Nd5 Rg8+ 26.Kh1 Bxd5 27.Bxf6 Bxe4 28.Qg2 Nf2+ {#R}
0-1

[Event "Ch Finland (team) 2010/11 (1 Division)"]
[Site "masterchessopen.com Finland"]
[Date "2010.10.16"]
[Round "3"]
[White "Kiuttu Roope (FIN)"]
[Black "Salokangas Hannu (FIN)"]
[Result "1-0"]
[WhiteElo "2245"]
[BlackElo "2196"]

1.e4 c5 2.Nf3 g6 3.d4 cxd4 4.Nxd4 Bg7 5.c4 Nc6 6.Nc2 Nf6 7.Nc3 O-O 8.Be2 b6
9.O-O Bb7 10.f4 d6 11.Qd3 Rc8 12.Bd2 Qc7 13.Rac1 Qb8 14.b4 Nd7 15.a3 Qa8
16.Bf3 Kh8 17.Ne2 g5 18.g3 gxf4 19.gxf4 Rg8 20.Ng3 f5 21.exf5 Nde5 22.fxe5
Nxe5 23.Bxb7 Nxd3 24.Bxa8 Nxc1 25.Bd5 Nb3 26.Be3 {#r} 1-0

[Event "Ch World (blitz)"]
[Site "masterchessopen.com Moscow (Russia)"]
[Date "2010.11.17"]
[Round "16"]
[White "Carlsen Magnus (NOR)"]
[Black "Savchenko Boris (RUS)"]
[Result "0-1"]
[WhiteElo "2826"]
[BlackElo "2627"]

1.e4 c5 2.Ne2 Nc6 3.d4 cxd4 4.Nxd4 g6 5.c4 Bg7 6.Nc2 Nf6 7.Nc3 d6 8.Be2 O-O
9.O-O Be6 10.Be3 Qa5 11.Rb1 Rfc8 12.f4 Nd7 13.Nd5 Qxa2 14.b4 Qa4 15.Qd2 Nf6
16.Nc3 Nxe4 17.Nxe4 Bf5 18.Bd3 a5 19.b5 Nb4 20.Nxb4 axb4 21.Rxb4 Qa3 22.Rbb1
Ra4 23.Rfc1 d5 24.Nf2 Bxd3 25.Qxd3 dxc4 26.Qxa3 Rxa3 27.Bb6 f5 28.Kf1 e5
29.fxe5 Bxe5 30.h3 Kf7 31.Rc2 Rb3 32.Rd1 Rxb5 33.Bd4 Bg3 34.Be3 Re5 35.Bb6 Rc6
36.Rd7+ Re7 37.Rxe7+ Kxe7 {#R} 0-1

[Event "Ch Finland (team) 2010/11"]
[Site "masterchessopen.com Finland"]
[Date "2010.11.21"]
[Round "5"]
[White "Fraser Scott (SCO)"]
[Black "Makinen Ilkka (FIN)"]
[Result "1-0"]
[WhiteElo "2084"]
[BlackElo "2204"]

1.Nf3 c5 2.c4 g6 3.d4 cxd4 4.Nxd4 Bg7 5.e4 Nc6 6.Nc2 d6 7.Be2 f5 8.exf5 Bxf5
9.O-O Nf6 10.Nc3 O-O 11.Ne3 Bd7 12.f4 Qb6 13.Kh1 Nd4 14.Bd3 Rae8 15.Ncd5 Nxd5
16.Nxd5 Qd8 17.Be3 e5 18.Qd2 Bc6 19.Nb4 Qa5 20.fxe5 Qxe5 21.Bf4 Qc5 22.Nxc6
Nxc6 23.Rad1 Re6 24.Bg3 Rfe8 25.Bf2 Qh5 26.Rde1 Ne5 27.Be2 Ng4 28.Bxg4 Qxg4
29.b3 Re2 30.Qxd6 Rxe1 31.Rxe1 Rxe1+ 32.Bxe1 Qe2 33.Qd5+ Kf8 34.Bb4+ Ke8
35.Qg8+ {#r} 1-0

[Event "It (w)"]
[Site "masterchessopen.com London (England)"]
[Date "2010.12.13"]
[Round "7"]
[White "Van Weersel Arlette (NED)"]
[Black "Hegarty Sarah (ENG)"]
[Result "1-0"]
[WhiteElo "2174"]
[BlackElo "2084"]

1.e4 c5 2.Nf3 Nc6 3.d4 cxd4 4.Nxd4 g6 5.c4 Bg7 6.Nc2 Nf6 7.Nc3 d6 8.Be2 O-O
9.O-O Bd7 10.Be3 Rc8 11.f3 Ne5 12.Na3 Nc6 13.Rc1 Ne8 14.Qd2 Nc7 15.Rfd1 b6
16.Nc2 Ne6 17.b3 Be8 18.Nd5 Qd7 19.Qe1 Qb7 20.Qh4 f6 21.f4 Nc5 22.b4 Na4
23.Nd4 Nd8 24.f5 g5 25.Qe1 a6 26.Qd2 Nc6 27.Ne6 Rf7 28.b5 Ne5 29.bxa6 Qxa6
30.c5 Qb7 31.cxb6 Nc5 32.Nxc5 dxc5 33.Bxc5 Bf8 34.Bf2 Nc6 35.Nc7 Bh6 36.Ba6
Qb8 37.Nxe8 {#r} 1-0

[Event "It (open)"]
[Site "masterchessopen.com Bosnjaci (Croatia)"]
[Date "2011.01.03"]
[Round "1"]
[White "Brkic Ante (CRO)"]
[Black "Brkic Zdenko (CRO)"]
[Result "1-0"]
[WhiteElo "2606"]
[BlackElo "2009"]

1.e4 c5 2.Nf3 Nc6 3.d4 cxd4 4.Nxd4 g6 5.c4 Bg7 6.Nc2 Nf6 7.Nc3 O-O 8.Be2 b6
9.O-O Bb7 10.f4 d6 11.Be3 Nd7 12.Qd2 Nc5 13.b4 Bxc3 14.Qxc3 Nxe4 15.Qb2 Rc8
16.Rad1 Qc7 17.Na3 f5 18.c5 d5 19.cxb6 axb6 20.Rxd5 Nxb4 21.Re5 Qc3 22.Bd4
Qxb2 23.Bxb2 Nd5 24.Bc4 Nd2 25.Rxe7 Rxc4 26.Rg7+ Kh8 27.Rxb7+ Nf6 28.Nxc4 Nxc4
29.Bxf6+ {#r} 1-0

[Event "Ch Greece (juniors) (under 18/20)"]
[Site "masterchessopen.com Peristeri (Greece)"]
[Date "2011.01.07"]
[Round "7"]
[White "Skoulakis Charalambos (GRE)"]
[Black "Agorastoudis-Vlahos Ioakim (GRE)"]
[Result "1-0"]
[WhiteElo "2079"]
[BlackElo "1716"]

1.e4 c5 2.Nf3 g6 3.d4 cxd4 4.Nxd4 Nc6 5.c4 Bg7 6.Nc2 Nf6 7.Nc3 O-O 8.Be2 d6
9.Be3 Nd7 10.O-O Bxc3 11.bxc3 Qc7 12.Bh6 Re8 13.Ne3 Nc5 14.Nd5 Qa5 15.Qc2 Be6
16.f4 f5 17.Bf3 Rac8 18.Kh1 Qa6 19.Qe2 fxe4 20.Bxe4 Bxd5 21.Bxd5+ e6 22.Bf3
Na5 23.Qd2 Nxc4 24.Qd4 e5 25.Qd5+ Kh8 26.Qf7 {#r} 1-0

[Event "Ch Slovakia (team) 2010/11 (2 liga) (c)"]
[Site "masterchessopen.com Slovakia"]
[Date "2011.01.08"]
[Round "5"]
[White "Vyparina Matej (SVK)"]
[Black "Kamody Mario (SVK)"]
[Result "1-0"]
[WhiteElo "2271"]
[BlackElo "2241"]

1.e4 c5 2.Nf3 Nc6 3.d4 cxd4 4.Nxd4 g6 5.c4 Bg7 6.Nc2 Nf6 7.Nc3 O-O 8.Be2 d6
9.Be3 b6 10.O-O Bb7 11.Qd2 Rc8 12.f3 Qd7 13.Rac1 Rfd8 14.Rfd1 e6 15.Bg5 Ne7
16.e5 Ne8 17.exd6 Bxc3 18.Qxc3 Nxd6 19.Qf6 Nef5 20.Bf4 Qc6 21.Be5 Kf8 22.g4
Qc5+ 23.Kf1 Bxf3 24.Bxf3 Qxc4+ 25.Kg1 Qc5+ 26.Nd4 Nc4 27.Rxc4 {#r} 1-0

[Event "Ch PriFO (w)"]
[Site "masterchessopen.com Perm (Russia)"]
[Date "2011.01.09"]
[Round "9"]
[White "Makarenko Alexandra (RUS)"]
[Black "Uljianova Nadezhda (RUS)"]
[Result "1-0"]
[WhiteElo "2090"]
[BlackElo "2004"]

1.e4 c5 2.Nf3 Nc6 3.d4 cxd4 4.Nxd4 g6 5.c4 Bg7 6.Nc2 Nf6 7.Nc3 d6 8.Be2 O-O
9.O-O b6 10.f3 Bb7 11.Bg5 Qd7 12.Qd2 Rac8 13.Rac1 Ne5 14.b3 Rfd8 15.Rfd1 Qe8
16.Qe3 Qf8 17.Nb5 Ned7 18.Nb4 a6 19.Nc3 e6 20.Nc2 h6 21.Bh4 g5 22.Bg3 Ne8
23.Na4 b5 24.cxb5 axb5 25.Bxb5 Bc6 26.Bxc6 Rxc6 27.Nb4 Rxc1 28.Qxc1 Ndf6
29.Nb6 Nh5 30.Nc6 Nxg3 31.hxg3 Nf6 32.e5 Nd5 33.Nxd5 exd5 34.Nxd8 {#r} 1-0

[Event "It (open) \"]
[Site "masterchessopen.com Caleta (England)"]
[Date "2011.01.25"]
[Round "2"]
[White "Hauge Lars Oskar (NOR)"]
[Black "Carlsten Peter (SWE)"]
[Result "1-0"]
[WhiteElo "2086"]
[BlackElo "2019"]

1.e4 c5 2.Nf3 Nc6 3.d4 cxd4 4.Nxd4 g6 5.c4 Bg7 6.Nc2 Nh6 7.Bd2 O-O 8.Bc3 f5
9.exf5 Nxf5 10.Be2 d6 11.O-O Be6 12.Bxg7 Kxg7 13.Nc3 Ne5 14.b3 a6 15.Qd2 Bd7
16.Rad1 b5 17.c5 Qc8 18.cxd6 exd6 19.Ne3 Nf7 20.Ne4 Rd8 21.Qb2+ Kf8 22.Nf6 h5
23.Ned5 Bc6 24.Rc1 Qb7 25.Rxc6 Qxc6 26.Rc1 Qb7 27.Rc7 Qb8 28.Nh7+ Kg8 29.Ndf6+
Kg7 30.Nd7+ {#r} 1-0

[Event "It (open)"]
[Site "masterchessopen.com Lille (France)"]
[Date "2011.04.25"]
[Round "1"]
[White "Lagarde Maxime (FRA)"]
[Black "De Leur Ben (NED)"]
[Result "1-0"]
[WhiteElo "2452"]
[BlackElo "2018"]

1.e4 c5 2.Nf3 g6 3.d4 cxd4 4.Nxd4 Bg7 5.c4 Nc6 6.Nc2 Nf6 7.Nc3 O-O 8.Be2 d6
9.O-O a6 10.Na3 Bd7 11.Be3 Rc8 12.f3 Be6 13.Qd2 Ne5 14.Nd5 Bxd5 15.cxd5 Qd7
16.b3 h5 17.Rab1 Kh7 18.Nc4 Nxc4 19.bxc4 Ng8 20.Rb3 Bh6 21.Bxh6 Nxh6 22.Rfb1
Rc7 23.Qb2 Rb8 24.Rb6 Qa4 25.e5 Qa5 26.exd6 Qc5+ 27.Kh1 exd6 28.Qb4 Nf5
29.Qxc5 dxc5 30.Bd3 Nd4 31.Kg1 Kg7 32.Rxa6 b5 33.d6 Rd7 34.cxb5 Rbd8 35.a4
Rxd6 36.Rxd6 Rxd6 37.a5 Ne6 38.Bc4 {#r} 1-0

[Event "Ch Colombia (juniors) (under 18)"]
[Site "masterchessopen.com Bogota (Colombia)"]
[Date "2011.06.03"]
[Round "7"]
[White "Dominguez Oscar (COL)"]
[Black "Hernandez Jairo (COL)"]
[Result "1-0"]
[WhiteElo "2065"]
[BlackElo "2207"]

1.e4 c5 2.Nf3 Nc6 3.d4 cxd4 4.Nxd4 g6 5.c4 Bg7 6.Nc2 Nf6 7.Nc3 O-O 8.Be2 d6
9.O-O Bd7 10.Be3 Rc8 11.f3 Ne5 12.b3 a6 13.Qd2 Qc7 14.Rac1 b5 15.Nd5 Nxd5
16.cxd5 Qb7 17.h3 f5 18.Nd4 Nf7 19.exf5 Qxd5 20.fxg6 hxg6 21.f4 e5 22.fxe5
Nxe5 23.Rcd1 Qe4 24.Bf4 Rce8 25.Bf3 Nxf3+ 26.Rxf3 d5 27.Nc2 Rf7 28.Re1 Qf5
29.Be5 Qh5 30.Rxf7 Kxf7 31.Qxd5+ Be6 32.Qb7+ Re7 33.Rf1+ Ke8 34.Qb8+ Kd7
35.Qd6+ Ke8 36.Bxg7 Bf5 37.Bf6 Re6 38.Re1 Kf7 39.Rxe6 {#r} 1-0

[Event "Ch Germany (juniors) (under 16)"]
[Site "masterchessopen.com Oberhof (Germany)"]
[Date "2011.06.13"]
[Round "3"]
[White "Mueller Nick"]
[Black "Klarner Alexander (GER)"]
[Result "1-0"]
[WhiteElo "1958"]
[BlackElo "1816"]

1.e4 c5 2.Nf3 Nc6 3.d4 cxd4 4.Nxd4 g6 5.c4 Bg7 6.Nc2 Nf6 7.Nc3 d6 8.Be2 Be6
9.O-O O-O 10.Bd2 Rc8 11.Rc1 Nd7 12.b3 f5 13.exf5 Bxf5 14.Ne3 Be6 15.Ned5 Nce5
16.f4 Nc6 17.Bg4 Bxg4 18.Qxg4 Nd4 19.Rce1 e6 20.Ne3 Nc5 21.Ne2 Re8 22.Nxd4
Bxd4 23.f5 exf5 24.Qxd4 {#r} 1-0

[Event "Ch World (IPCA) (b)"]
[Site "masterchessopen.com Piestany (Slovakia)"]
[Date "2011.07.03"]
[Round "2"]
[White "Bondarets Vadim (UKR)"]
[Black "Afric Ivan (CRO)"]
[Result "1-0"]
[WhiteElo "2323"]
[BlackElo "1917"]

1.e4 c5 2.Nf3 Nc6 3.d4 cxd4 4.Nxd4 g6 5.c4 Bg7 6.Nc2 d6 7.Be2 b6 8.O-O Bb7
9.Qe1 Nf6 10.Nc3 Na5 11.f3 Qc8 12.Ne3 Nh5 13.f4 Nf6 14.Bd3 Nd7 15.Bd2 Bd4
16.b3 e6 17.Nb5 Bc5 18.b4 a6 19.bxc5 axb5 20.cxd6 Nc5 21.Bc2 Nxe4 22.Bxe4 Bxe4
23.Bc3 Rf8 24.Ng4 Qc5+ 25.Kh1 f5 26.Nf6+ Kd8 27.Nxe4 fxe4 28.Qxe4 Ra7 29.Qxe6
Qf5 30.Qe2 Nxc4 31.a4 Re8 32.Qd1 Ne3 33.Qd4 Qc5 34.axb5 Rxa1 35.Rxa1 Kd7
36.Ra7+ Ke6 {#r} 1-0

[Event "It (open)"]
[Site "masterchessopen.com Barbera (Spain)"]
[Date "2011.07.04"]
[Round "1"]
[White "Navarrete Espi Samuel (ESP)"]
[Black "Delgado Ramos Hector (CUB)"]
[Result "0-1"]
[WhiteElo "2165"]
[BlackElo "2494"]

1.e4 c5 2.Nf3 Nc6 3.d4 cxd4 4.Nxd4 g6 5.c4 Bg7 6.Nc2 d6 7.Nc3 Bxc3+ 8.bxc3 Nf6
9.f3 Qa5 10.Bd2 Ne5 11.Nd4 Bd7 12.Qb3 O-O 13.Be2 Rfc8 14.f4 Nc6 15.Bd3 Qc5
16.Be3 Na5 17.Qb4 Nxc4 18.Bd2 Nxd2 19.Kxd2 Qh5 20.Qxb7 Rab8 21.Qxa7 e5 22.Nf3
Rb2+ 23.Bc2 Qg4 24.Kc1 Rxc2+ 25.Kxc2 Qxg2+ 26.Nd2 Nxe4 27.Rhd1 Bf5 {#R} 0-1

[Event "It (open)"]
[Site "masterchessopen.com Police (Poland)"]
[Date "2011.07.07"]
[Round "3"]
[White "Chlost Marlena (POL)"]
[Black "Maliszewski Jaroslaw (POL)"]
[Result "1-0"]
[WhiteElo "2173"]
[BlackElo "1839"]

1.e4 c5 2.Nf3 Nc6 3.d4 cxd4 4.Nxd4 g6 5.c4 Bg7 6.Nc2 Nf6 7.Nc3 d6 8.Be2 Be6
9.O-O Nd7 10.Nd5 Nc5 11.f3 f5 12.exf5 Bxf5 13.Nce3 Be6 14.Rb1 a5 15.b3 Bd4
16.Kh1 O-O 17.a3 Be5 18.Bd3 Nxd3 19.Qxd3 Rf5 20.f4 Bg7 21.Bb2 Rh5 22.Bxg7 Kxg7
23.g4 Rh3 24.Qe4 Qg8 25.Nc7 Bd7 26.Nxa8 Qxa8 27.Kg2 Rh4 28.Kg3 Rh6 29.h4 Qc8
30.Rbd1 Qc7 31.b4 axb4 32.axb4 e5 33.Nd5 Qd8 34.g5 Rh5 35.Nf6 Nd4 36.Rxd4 exd4
37.Qxd4 Kf7 38.Qxd6 {#r} 1-0

[Event "Memorial M.Najdorf (open)"]
[Site "masterchessopen.com Warsaw (Poland)"]
[Date "2011.07.18"]
[Round "6"]
[White "Piorun Kacper (POL)"]
[Black "Nguyen Piotr (POL)"]
[Result "1-0"]
[WhiteElo "2510"]
[BlackElo "2368"]

1.Nf3 g6 2.c4 Bg7 3.d4 c5 4.e4 cxd4 5.Nxd4 Nc6 6.Nc2 d6 7.Be2 Nf6 8.Nc3 O-O
9.O-O Be6 10.Be3 Qa5 11.Rc1 Rfc8 12.Qe1 a6 13.b4 Qd8 14.f4 b5 15.cxb5 axb5
16.Bxb5 Ng4 17.Nd5 Nxe3 18.Ncxe3 Nd4 19.Rxc8 Bxc8 20.Bd3 Ra3 21.Qh4 f6 22.Rc1
Bb7 23.Rc7 Qxc7 24.Nxc7 Rxd3 25.Ned5 Kf7 26.Qxh7 e6 27.Ne8 exd5 28.Nxd6+ Ke6
29.Nxb7 dxe4 30.Nc5+ Kf5 31.Qxg7 Rd2 32.Qd7+ Kxf4 33.Qd6+ Ke3 34.Qg3+ {#r} 1-0

[Event "Ch Macedonia (team)"]
[Site "masterchessopen.com Struga (Macedonia)"]
[Date "2011.08.08"]
[Round "1"]
[White "Dancevski Orce (MKD)"]
[Black "Trajkoski Slave (MKD)"]
[Result "1-0"]
[WhiteElo "2398"]
[BlackElo "2324"]

1.e4 c5 2.Nf3 Nc6 3.d4 cxd4 4.Nxd4 g6 5.c4 Bg7 6.Nc2 Nf6 7.Nc3 d6 8.Be2 O-O
9.O-O Bd7 10.Be3 a5 11.Qd2 Nb4 12.Nd4 Na6 13.f3 Nc5 14.b3 Bc6 15.Rab1 Nfd7
16.a3 Ne6 17.Nxe6 fxe6 18.Nb5 e5 19.b4 axb4 20.axb4 Re8 21.c5 dxc5 22.Bc4+ Kh8
23.bxc5 Ra4 24.Bf7 Rf8 25.Be6 Qa5 26.Qxa5 Rxa5 27.Bxd7 Bxd7 28.Nc7 Bc6 29.Rfd1
Kg8 30.Ne6 Rfa8 31.Rd8+ Bf8 32.Rbd1 Be8 33.Nc7 Ba4 34.Nxa8 Bxd1 35.Bh6 Kf7
36.Rxf8+ Ke6 37.Rd8 Bb3 38.Nc7+ Kf7 39.Rf8# 1-0

[Event "It (open)"]
[Site "masterchessopen.com Zupanja (Croatia)"]
[Date "2011.08.20"]
[Round "6"]
[White "Runic Zoran (BIH)"]
[Black "Tomic Bosko (BIH)"]
[Result "0-1"]
[WhiteElo "2381"]
[BlackElo "2407"]

1.e4 c5 2.Nf3 Nc6 3.d4 cxd4 4.Nxd4 g6 5.c4 Bg7 6.Nc2 Nf6 7.Nc3 O-O 8.Be2 d6
9.O-O Nd7 10.Bd2 Nc5 11.b4 Ne6 12.Rb1 Ned4 13.Nxd4 Nxd4 14.Bd3 f5 15.exf5 Bxf5
16.Bxf5 Rxf5 17.Nd5 b5 18.Ne3 bxc4 19.Nxc4 d5 20.Ne3 Rf7 21.b5 Rc8 22.a4 e5
23.a5 Rb7 24.Qa4 Qd7 25.Qa2 Rxb5 26.Rxb5 Qxb5 27.Rb1 Qe2 28.Qxd5+ Kh8 29.Qb7
Rf8 30.Bb4 Qxf2+ 31.Kh1 Re8 32.Nd5 e4 33.Nc7 Qf7 34.Bd6 Rd8 35.Bg3 e3 36.Rg1
Ne2 37.Bh4 Rf8 {#R} 0-1

[Event "It (open)"]
[Site "masterchessopen.com Porto San Giorgio (Italy)"]
[Date "2011.08.22"]
[Round "2"]
[White "Vesce Emanuele"]
[Black "Piva Giorgio (ITA)"]
[Result "0-1"]
[WhiteElo "1865"]
[BlackElo "2204"]

1.e4 c5 2.Nf3 g6 3.c4 Bg7 4.d4 cxd4 5.Nxd4 Nc6 6.Nc2 Nf6 7.Nc3 d6 8.Be2 Be6
9.O-O Na5 10.Ne3 Rc8 11.Ned5 O-O 12.Qa4 b6 13.Bg5 Bd7 14.Qa3 Nxd5 15.cxd5 Nc4
16.Bxc4 Rxc4 17.Rfe1 f6 18.Be3 Qc7 19.Rac1 Rc8 20.Bd2 Qb7 21.b3 R4c7 22.Ne2 f5
23.Nf4 Rxc1 24.Bxc1 Be5 25.Nd3 Bc3 26.Re3 fxe4 27.Nf4 Bf5 28.h4 Be5 29.Rg3 Kf7
30.h5 Qc7 31.Be3 Rg8 32.Rg5 Bf6 33.hxg6+ hxg6 34.Rg3 Rh8 35.Bc1 Qc2 36.Re3
{#R} 0-1